Desempeño de vaquillonas Aberdeen Angus en pastoreo y su correlación con dos programas informáticos /
Guardado en:
| Autor Principal: | |
|---|---|
| Autor Corporativo: | |
| Otros Autores: | |
| Formato: | Libro |
| Idioma: | Undetermined |
| Publicado: |
Bahía Blanca,
2023.
|
| Materias: | |
| Acceso en línea: | Acceso a texto completo |
| Etiquetas: |
Agregar Etiqueta
Sin Etiquetas, Sea el primero en etiquetar este registro!
|
| LEADER | 01174nam a22003015a 4500 | ||
|---|---|---|---|
| 001 | EEA.libagro011502 | ||
| 008 | 231102s2023####ag#a##########000#0#und#d | ||
| 005 | 20231206123637.0 | ||
| 245 | 1 | 0 | |a Desempeño de vaquillonas Aberdeen Angus en pastoreo y su correlación con dos programas informáticos / |c María Luján Ayerza. |
| 260 | |a Bahía Blanca, |c 2023. | ||
| 300 | |a 34 h. : |b il. ; |c 30 cm. | ||
| 500 | |a Trabajo de intensificación (Ingeniero Agrónomo) -- Universidad Nacional del Sur. Departamento de Agronomía, 2023. | ||
| 530 | |a También disponible en formato digital | ||
| 100 | 1 | |a Ayerza, María Luján. | |
| 700 | 1 | |a Bravo, Rodrigo D., |e tutor. | |
| 710 | 2 | |a Universidad Nacional del Sur. |b Departamento de Agronomía. | |
| 082 | 0 | 4 | |a 636.223 |
| 650 | 7 | |a Ganadería | |
| 650 | 7 | |a Nutrición | |
| 650 | 7 | |a Suplementos dietarios | |
| 650 | 7 | |a Pasturas | |
| 650 | 7 | |a Alfalfa | |
| 650 | 7 | |a Festuca | |
| 650 | 7 | |a Agropiro | |
| 650 | 7 | |a Avena | |
| 651 | 7 | |a Campo Experimental Napostá (part. Bahía Blanca) | |
| 856 | |y Acceso a texto completo |u https://repositoriodigital.uns.edu.ar/handle/123456789/6500 | ||
| 859 | |a AR-BbBCA |b BIB. AGRONOMIA |h 636.223 |i A977 |p 2023/7302 | ||
